Most Populous Country of Europe per Letter Minefield Quiz Stats

Quiz Updated Jul 14, 2016

Challenge
Share
Tweet
Embed
Score 0/20 Timer 07:00
1 Play Today
Letter Country % Correct
F???
78.1%
G???
77.8%
U???
68.7%
I???
63.5%
R???
61.5%
S???
61.3%
A???
48.9%
P???
48.2%
D???
48%
H???
47.1%
Letter Country % Correct
T???
43.1%
V???
40.5%
B???
39.7%
E???
39.2%
N???
33.9%
K???
33.7%
C???
31.3%
L???
22.2%
M???
13.2%
Mines???
9.8%

You're not logged in!

Compare scores with friends on all Sporcle quizzes.
Sign Up with Email
OR
Log In

Show Comments

Extras

Top Quizzes Today


Score Distribution

Your Account Isn't Verified!

In order to create a playlist on Sporcle, you need to verify the email address you used during registration. Go to your Sporcle Settings to finish the process.